Départements et Territoires Population - Statistiques

Statistiques générales
  • Ce quiz a été pris 73 fois
  • Le résultat moyen est 79 sur 109
Statistiques - réponses
Région Population Answers % Correct
Hauts de France 2 611 293 Nord
100%
Ile de France 2 133 111 Paris
100%
Provence-Alpes-Côte-d'Azur 2 056 943 Bouches-du-Rhône
93%
Nouvelle Aquitaine 1 654 970 Gironde
93%
Pays de la Loire 1 457 806 Loire-Atlantique
93%
Hauts de France 1 461 441 Pas-de-Calais
93%
Auvergne-Rhône-Alpes 1 893 692 Rhône
93%
Ile de France 1 456 365 Yvelines
93%
Occitanie 1 434 367 Haute-Garonne
91%
Ile de France 1 635 291 Hauts-de-Seine
91%
Auvergne-Rhône-Alpes 1 284 948 Isère
91%
Normandie 1 255 918 Seine-Maritime
91%
Ile de France 1 668 670 Seine-Saint-Denis
91%
Ile de France 1 415 367 Val-de-Marne
91%
Provence-Alpes-Côte-d'Azur 1 103 941 Alpes-Maritimes
89%
Grand Est 1 152 662 Bas-Rhin
89%
Ile de France 1 313 768 Essonne
89%
Bretagne 921 638 Finistère
89%
Occitanie 1 201 883 Hérault
89%
DROM 871 157 La Réunion
89%
Ile de France 1 438 100 Seine-et-Marne
89%
Ile de France 1 256 607 Val-d'Oise
89%
Provence-Alpes-Côte-d'Azur 1 095 337 Var
89%
Bretagne 1 098 325 Ille-et-Vilaine
86%
Grand Est 1 049 942 Moselle
86%
Normandie 700 633 Calvados
84%
Grand Est 767 083 Haut-Rhin
84%
Occitanie 756 543 Gard
82%
Auvergne-Rhône-Alpes 841 482 Haute-Savoie
82%
Auvergne-Rhône-Alpes 769 029 Loire
82%
Bretagne 768 687 Morbihan
82%
Hauts de France 828 838 Oise
82%
Auvergne-Rhône-Alpes 663 202 Ain
80%
Bourgogne-Franche-Comté 547 096 Doubs
80%
Centre-Val-de-Loire 684 561 Loiret
80%
Pays de la Loire 824 743 Maine-et-Loire
80%
Grand Est 732 486 Meurthe-et-Moselle
80%
Auvergne-Rhône-Alpes 662 285 Puy-de-Dôme
80%
Bourgogne-Franche-Comté 549 288 Saône-et-Loire
80%
Nouvelle Aquitaine 661 404 Charente-Maritime
77%
Bretagne 605 917 Côtes-d'Armor
77%
Normandie 598 934 Eure
77%
Nouvelle Aquitaine 693 027 Pyrénées-Atlantiques
77%
Pays de la Loire 699 459 Vendée
77%
Hauts de France 527 468 Aisne
75%
Bourgogne-Franche-Comté 535 503 Côte-d'Or
75%
Auvergne-Rhône-Alpes 519 458 Drôme
75%
Centre-Val-de-Loire 612 160 Indre-et-Loire
75%
Grand Est 565 292 Marne
75%
Hauts de France 566 252 Somme
75%
Provence-Alpes-Côte-d'Azur 564 566 Vaucluse
75%
Normandie 495 508 Manche
73%
Pays de la Loire 566 058 Sarthe
73%
Auvergne-Rhône-Alpes 442 468 Savoie
73%
Occitanie 487 307 Pyrénées-Orientales
70%
Nouvelle Aquitaine 439 385 Vienne
70%
Nouvelle Aquitaine 115 702 Creuse
68%
Centre-Val-de-Loire 431 277 Eure-et-Loir
68%
DROM 384 315 Guadeloupe
68%
Bourgogne-Franche-Comté 139 654 Territoire de Belfort
68%
Bourgogne-Franche-Comté 333 385 Yonne
68%
Occitanie 376 028 Aude
66%
Nouvelle Aquitaine 374 587 Deux-Sèvres
66%
Provence-Alpes-Côte-d'Azur 140 976 Hautes-Alpes
66%
Nouvelle Aquitaine 422 976 Landes
66%
Occitanie 76 519 Lozère
66%
DROM 360 749 Martinique
66%
Occitanie 393 572 Tarn
66%
Auvergne-Rhône-Alpes 334 872 Allier
64%
Provence-Alpes-Côte-d'Azur 166 077 Alpes-de-Haute-Provence
64%
Auvergne-Rhône-Alpes 144 226 Cantal
64%
Centre-Val-de-Loire 299 573 Cher
64%
Corse 162 942 Corse-du-Sud
64%
Nouvelle Aquitaine 413 730 Dordogne
64%
DROM 286 618 Guyane
64%
Corse 184 655 Haute-Corse
64%
Nouvelle Aquitaine 371 691 Haute-Vienne
64%
Centre-Val-de-Loire 328 504 Loir-et-Cher
64%
DROM 256 518 Mayotte
64%
Normandie 276 973 Orne
64%
Grand Est 268 859 Ardennes
61%
Occitanie 154 596 Ariège
61%
Grand Est 311 329 Aube
61%
Nouvelle Aquitaine 239 784 Corrèze
61%
Grand Est 171 042 Haute-Marne
61%
Bourgogne-Franche-Comté 234 296 Haute-Saône
61%
Occitanie 174 942 Lot
61%
Pays de la Loire 305 933 Mayenne
61%
Grand Est 181 919 Meuse
61%
Bourgogne-Franche-Comté 202 417 Nièvre
61%
Occitanie 263 377 Tarn-et-Garonne
61%
Grand Est 360 673 Vosges
61%
Auvergne-Rhône-Alpes 331 415 Ardèche
59%
Nouvelle Aquitaine 350 867 Charente
59%
Occitanie 230 956 Hautes-Pyrénées
59%
Centre-Val-de-Loire 217 228 Indre
59%
Bourgogne-Franche-Comté 258 555 Jura
59%
Occitanie 279 649 Aveyron
57%
Auvergne-Rhône-Alpes 227 284 Haute-Loire
57%
Nouvelle Aquitaine 331 229 Lot-et-Garonne
57%
Occitanie 192 437 Gers
55%
Territoire 271 407 Nouvelle Calédonie
55%
Territoire 31 477 Saint Martin
55%
Territoire 283 147 Polynésie Française
52%
Territoire 10 464 Saint Barthélémy
52%
Territoire 5 873 Saint Pierre et Miquelon
50%
Territoire 11 151 Wallis et Futuna
45%
Territoire 0 Clipperton
39%
Territoire 186 TAAF
32%
Aucun quiz correspondant
Distribution des résultats
% des personnes avec chaque résultat
Percentile par nombre de réponses
Votre historique - résultats
Vous n’avez pas pris ce quiz